000
00251nam a22000977a 4500
999
_c
261874
_d
261873
020
_a
9780534589660
100
_a
Wadsworth
245
_a
Personal Daily Log with Updated Interactive Web-sites
260
_a
U.S.A
_b
Thompson Wadsworth
_c
2004
942
_c
BK